50 años de la revista Almogaren (Record no. 422785)
[ view plain ]
| 000 -CABECERA | |
|---|---|
| Campo de control de longitud fija | 00423nab a2200145 4500 |
| 003 - IDENTIFICADOR DEL NÚMERO DE CONTROL | |
| Campo de control | ES-SlBC |
| 005 - FECHA Y HORA DE LA ÚLTIMA TRANSACCIÓN | |
| Campo de control | 20210601123523.0 |
| 008 - CÓDIGOS DE INFORMACIÓN DE LONGITUD FIJA | |
| Campo de control de longitud fija | 130611s2012 sp ||||| |||| 00| 0 spa d |
| 040 ## - FUENTE DE LA CATALOGACIÓN | |
| Centro catalogador del origen | ES-SlBC |
| Lengua de catalogación | SPA |
| 041 ## - CÓDIGO DE LENGUA | |
| Código de lengua del texto/banda sonora o título independiente | spa |
| 100 1# - PUNTO DE ACCESO PRINCIPAL-NOMBRE DE PERSONA | |
| Nombre de persona | Guerra de Armas, José Luis |
| 9 (RLIN) | 74254 |
| 245 10 - MENCIÓN DE TÍTULO | |
| Título | 50 años de la revista Almogaren |
| Mención de responsabilidad, etc. | José Luis Guerra |
| 773 0# - ENLACE AL DOCUMENTO FUENTE | |
| Parte(s) relacionada(s) | Nº. 50, 2012, págs. 9-16 |
| Título | Almogaren |
| Número de control del registro relacionado | Rev13 |
| Número Internacional Normalizado para Publicaciones Seriadas (ISSN) | 1695-2669 |
| 942 ## - ENTRADA DE ELEMENTOS AGREGADOS (KOHA) | |
| Fuente de clasificaión o esquema | |
| Koha [por defecto] tipo de item | Artículos de revista |
| Suprimido | Perdido | Fuente de clasificación o esquema | Estropeado | No para préstamo | Localización permanente | Localización actual | Localización en estantería | Fecha adquisición | Préstamos totales | Fecha última consulta | Fecha del precio de reemplazo | Tipo de item de Koha |
|---|---|---|---|---|---|---|---|---|---|---|---|---|
| San Esteban | San Esteban | Depósito de revistas | 11/09/2013 | 11/09/2013 | 11/09/2013 | Artículos de revista |
